000 00290nam a2200109Ia 4500
001 588802
005 20250717120838.0
008 250717s9999 xx 000 0 und d
245 0 _aV-14 ŞEFİK KİM KORKAR OKULDAN
_cM.SALİH SIRMAÇEKİÇ
260 _bTİMAŞ YAYINLARI
_c2016
300 _b91
999 _c588802
_d588802